Library Banner

خطئہ پاک اوچ (Record no. 78946)

MARC details
000 -LEADER
fixed length control field 00411nam a22001457a 4500
005 - DATE AND TIME OF LATEST TRANSACTION
control field 20151116102806.0
008 - FIXED-LENGTH DATA ELEMENTS--GENERAL INFORMATION
fixed length control field 151116b xxu||||| |||| 00| 0 eng d
040 ## - CATALOGING SOURCE
Transcribing agency PK-LaUMT
082 ## - DEWEY DECIMAL CLASSIFICATION NUMBER
Classification number KHC 954.916
Item number MAS-K
100 ## - MAIN ENTRY--PERSONAL NAME
Personal name مسعود حسن شہاب
245 ## - TITLE STATEMENT
Title خطئہ پاک اوچ
Statement of responsibility, etc مسعود حسن شہاب
260 ## - PUBLICATION, DISTRIBUTION, ETC. (IMPRINT)
Place of publication, distribution, etc بہاولپور
Name of publisher, distributor, etc اردو اکیڈمی
Date of publication, distribution, etc 1982
300 ## - PHYSICAL DESCRIPTION
Extent 443 ص
942 ## - ADDED ENTRY ELEMENTS (KOHA)
Koha item type Books
Holdings
Withdrawn status Lost status Damaged status Home library Current library Date acquired Full call number Barcode Date last seen Price effective from Koha item type
      UMT Main Campus UMT Main Campus 2015-11-16 KHC 954.916 MAS-K 73450 2015-11-16 2015-11-16 Books